| 000 | 00537nam a2200217Ia 4500 | ||
|---|---|---|---|
| 005 | 20250425161738.0 | ||
| 008 | 250425s9999 xx 000 0 und d | ||
| 020 | _a0132487098 | ||
| 041 | _aeng | ||
| 082 | _a621.31042 | ||
| 100 | _aDEL TORO, VINCENT | ||
| 245 | 0 | _aELECTRIC MACHINES AND POWER SYSTEMS | |
| 250 | _aS.E. | ||
| 260 |
_aEstados Unidos _bPRENTICE-HALL _c1985 |
||
| 260 | _aS.L. | ||
| 300 | _a708 | ||
| 650 | _aMAQUINAS ELECTRICAS | ||
| 650 | _aSISTEMAS DE POTENCIA ELECTRICA | ||
| 942 | _c01 | ||
| 010 | _a27264 | ||
| 999 |
_c215239 _d215239 |
||